<?xml version="1.0" encoding="UTF-8"?>
<record
    xmlns:xsi="http://www.w3.org/2001/XMLSchema-instance"
    xsi:schemaLocation="http://www.loc.gov/MARC21/slim http://www.loc.gov/standards/marcxml/schema/MARC21slim.xsd"
    xmlns="http://www.loc.gov/MARC21/slim">

  <leader>01766nam a22001577a 4500</leader>
  <datafield tag="999" ind1=" " ind2=" ">
    <subfield code="c">528104</subfield>
    <subfield code="d">528104</subfield>
  </datafield>
  <controlfield tag="008">241112b           ||||| |||| 00| 0 eng d</controlfield>
  <datafield tag="100" ind1=" " ind2=" ">
    <subfield code="a">Cui, Can, Chen, Wenna and Yi, Hongtao</subfield>
    <subfield code="9">59481</subfield>
  </datafield>
  <datafield tag="245" ind1=" " ind2=" ">
    <subfield code="a">Leadership transfer networks and regional environmental governance performance</subfield>
  </datafield>
  <datafield tag="260" ind1=" " ind2=" ">
    <subfield code="a">Urban Affairs Review  </subfield>
  </datafield>
  <datafield tag="300" ind1=" " ind2=" ">
    <subfield code="a">60(2), Mar, 2024: p.488-514</subfield>
  </datafield>
  <datafield tag="520" ind1=" " ind2=" ">
    <subfield code="a">In response to the increasing attention paid to environmental governance and leadership mobility, this study explores the interactions between leadership mobility and environmental governance performance. From the perspective of networks, this study aims to determine whether leadership mobility networks shape environmental governance outcomes. We argue that leadership transfer networks affect local water governance performance, which is particularly evident when leadership mobility occurs between cities with similar institutional environments. We collected managers&#x2019; career data and water governance performance from forty-one cities located in the Pan-Yangtze River Delta region in China from 2011 to 2015. Methodologically, we employ spatial temporal autoregressive models to test the hypotheses and confirm the effects of the leadership transfer network on the homogeneity of water governance performance across the region. Theoretically, this study advances the institutional collective action framework in regional water governance by providing supplementary mechanisms from the perspective of agent network diffusion.- Reproduced 

https://journals.sagepub.com/doi/full/10.1177/10780874231169920
</subfield>
  </datafield>
  <datafield tag="650" ind1=" " ind2=" ">
    <subfield code="a">Leadership transfer networks, Environmental governance, Regional governance. </subfield>
    <subfield code="9">48647</subfield>
  </datafield>
  <datafield tag="773" ind1=" " ind2=" ">
    <subfield code="a">Urban Affairs Review  </subfield>
  </datafield>
  <datafield tag="906" ind1=" " ind2=" ">
    <subfield code="a">ENVIRONMENT</subfield>
  </datafield>
  <datafield tag="942" ind1=" " ind2=" ">
    <subfield code="c">AR</subfield>
  </datafield>
  <datafield tag="952" ind1=" " ind2=" ">
    <subfield code="0">0</subfield>
    <subfield code="1">0</subfield>
    <subfield code="2">ddc</subfield>
    <subfield code="4">0</subfield>
    <subfield code="7">0</subfield>
    <subfield code="9">403183</subfield>
    <subfield code="a">IIPA</subfield>
    <subfield code="b">IIPA</subfield>
    <subfield code="d">2024-11-12</subfield>
    <subfield code="h">60(2), Mar, 2024: p.488-514</subfield>
    <subfield code="p">AR133531</subfield>
    <subfield code="r">2024-11-12</subfield>
    <subfield code="y">AR</subfield>
  </datafield>
</record>
